[Event "CZE-ch FIDE Open 2020"]
[Site "Kouty nad Desnou"]
[Date "2020.03.08"]
[Round "2.2"]
[White "Zamecnik, Jan"]
[Black "Bares, Jachym"]
[Result "0-1"]
[WhiteElo "1850"]
[BlackElo "2119"]
[Annotator "ChessBase"]
[PlyCount "104"]
[EventDate "2020.03.07"]
[EventCountry "CZE"]
[SourceTitle "playchess.com"]
[Source "ChessBase"]
[SourceQuality "1"]
[TimeControl "5400+30"]

1. d4 {[%emt 0:00:00]} Nf6 {[%emt 0:00:00]} 2. Nf3 {[%emt 0:00:00]} c5 {[%emt 0:00:00]} 3. c3 {[%emt 0:01:28]} e6 {[%emt 0:02:00]} 4. g3 {[%emt 0:00:39]} cxd4 {[%emt 0:02:07]} 5. cxd4 {[%emt 0:00:12]} d5 {[%emt 0:00:27]} 6. Bg2 {[%emt 0:00:24]} Bd6 {[%emt 0:02:06]} 7. O-O {[%emt 0:00:35]} O-O {[%emt 0:00:03]} 8. Nc3 {[%emt 0:01:21]} Bd7 {[%emt 0:02:06]} 9. Qb3 {[%emt 0:08:05]} Qb6 {[%emt 0:02:22]} 10. Qxb6 {[%emt 0:10:46]} axb6 {[%emt 0:00:02]} 11. Bf4 {[%emt 0:00:27]} Bxf4 {[%emt 0:04:22]} 12. gxf4 {[%emt 0:01:06]} Rc8 {[%emt 0:01:13]} 13. Ne5 {[%emt 0:10:50]} Nc6 {[%emt 0:02:04]} 14. Rfd1 {[%emt 0:08:42]} Be8 {[%emt 0:04:54]} 15. f5 {[%emt 0:12:16]} Nxe5 {[%emt 0:03:12]} 16. dxe5 {[%emt 0:00:26]} Nd7 {[%emt 0:07:08]} 17. fxe6 {[%emt 0:08:30]} fxe6 {[%emt 0:00:14]} 18. e4 {[%emt 0:01:35]} Bh5 {[%emt 0:06:12]} 19. Rd4 {[%emt 0:05:33]} Rc4 {[%emt 0:01:45]} 20. Rxc4 {[%emt 0:05:21]} dxc4 {[%emt 0:00:02]} 21. f4 {[%emt 0:01:05]} Nc5 {[%emt 0:00:51]} 22. f5 {[%emt 0:04:41]} Re8 {[%emt 0:03:26]} 23. Bf1 {[%emt 0:05:41]} Nd3 {[%emt 0:01:58]} 24. b3 {[%emt 0:01:55]} Nxe5 {[%emt 0:01:33]} 25. bxc4 {[%emt 0:06:10]} exf5 {[%emt 0:01:57]} 26. exf5 {[%emt 0:01:22]} Nf3+ {[%emt 0:05:53]} 27. Kf2 {[%emt 0:01:24]} Nxh2 {[%emt 0:02:10]} 28. Bg2 {[%emt 0:02:39]} Ng4+ {[%emt 0:01:01]} 29. Kg1 {[%emt 0:00:35]} Bf7 {[%emt 0:05:03]} 30. Bxb7 {[%emt 0:00:35]} Bxc4 {[%emt 0:01:37]} 31. Rb1 {[%emt 0:00:27]} b5 {[%emt 0:09:40]} 32. Nxb5 {[%emt 0:00:27]} Bxa2 {[%emt 0:01:40]} 33. Ra1 {[%emt 0:00:39]} Bf7 {[%emt 0:02:57]} 34. Nd6 {[%emt 0:00:31]} Rd8 {[%emt 0:01:42]} 35. Ra8 {[%emt 0:00:29]} Rxa8 {[%emt 0:00:31]} 36. Bxa8 {[%emt 0:00:01]} Bb3 {[%emt 0:02:16]} 37. Be4 {[%emt 0:00:39]} Kf8 {[%emt 0:01:05]} 38. Nb5 {[%emt 0:00:47]} Ke7 {[%emt 0:01:04]} 39. Nd4 {[%emt 0:00:09]} Ba2 {[%emt 0:01:07]} 40. Kg2 {[%emt 0:00:39]} Kf6 {[%emt 0:00:30]} 41. Kg3 {[%emt 0:00:45]} Ne3 {[%emt 0:09:18]} 42. Kf4 {[%emt 0:00:14]} Nd5+ {[%emt 0:00:05]} 43. Kf3 {[%emt 0:00:47]} Nc3 {[%emt 0:01:03]} 44. Bc2 {[%emt 0:00:27]} Bd5+ {[%emt 0:04:21]} 45. Kf4 {[%emt 0:00:20]} Bb7 {[%emt 0:00:15]} 46. Ne6 {[%emt 0:00:42]} Nd5+ {[%emt 0:00:11]} 47. Kg3 {[%emt 0:00:31]} Ne3 {[%emt 0:00:24]} 48. Bb1 {[%emt 0:00:31]} h6 {[%emt 0:01:32]} 49. Nc5 {[%emt 0:00:24]} Bc8 {[%emt 0:01:08]} 50. Ne4+ {[%emt 0:00:36]} Ke5 {[%emt 0:01:25]} 51. f6 {[%emt 0:00:27]} gxf6 {[%emt 0:00:36]} 52. Kf3 {[%emt 0:00:29]} Nc4 {[%emt 0:00:59]} 0-1

[Event "CZE-ch FIDE Open 2020"]
[Site "Kouty nad Desnou"]
[Date "2020.03.08"]
[Round "2.3"]
[White "Pycha, Patrik"]
[Black "Kucera, Tomas"]
[Result "1-0"]
[WhiteElo "2024"]
[BlackElo "1985"]
[Annotator "NA"]
[PlyCount "177"]
[EventDate "2020.03.07"]
[EventCountry "CZE"]
[SourceTitle "playchess.com"]
[Source "ChessBase"]
[SourceQuality "1"]
[TimeControl "5400+30"]

1. e4 {[%emt 0:00:00]} c5 {[%emt 0:00:00]} 2. Nf3 {[%emt 0:00:04]} Nc6 {[%emt 0:00:00]} 3. Bb5 {[%emt 0:00:09]} g6 {[%emt 0:00:00]} 4. Bxc6 {[%emt 0:00:13]} dxc6 {[%emt 0:00:00]} 5. h3 {[%emt 0:00:20]} Bg7 {[%emt 0:00:03]} 6. O-O {[%emt 0:00:10]} e5 {[%emt 0:01:41]} 7. d3 {[%emt 0:00:11]} Qc7 {[%emt 0:06:13] B31: Sicilian: 2...Nc6 3 Bb5 g6.} 8. Be3 {[%emt 0:01:31]} b6 {[%emt 0:00:14]} 9. Nbd2 {[%emt 0:00:11]} Nf6 {[%emt 0:00:33]} 10. Nc4 {[%emt 0:01:19]} Nd7 {[%emt 0:00:21] [#]} 11. a4 $146 {[%emt 0:00:42]} ({Predecessor:} 11. Qd2 Ba6 12. Qc3 O-O 13. a3 Rfd8 14. b4 cxb4 15. axb4 Bxc4 16. Qxc4 Nf8 17. Ra6 {0-1 (36) Fitzsimons,D (2304)-Taylor,A (2133) England 2019}) 11... Nf8 {[%emt 0:02:11]} 12. Qd2 {[%emt 0:04:44]} h6 {[%emt 0:00:36]} (12... Ne6 $11) 13. b4 $16 {[%emt 0:04:39]} (13. Qb4 $2 {[%emt 0:04:39][%mdl 8192]}) 13... cxb4 {[%emt 0:25:11]} 14. Qxb4 {[%emt 0:15:00]} c5 {[%emt 0:02:08]} 15. Qb2 {[%emt 0:00:30]} f6 {[%emt 0:00:30]} 16. a5 {[%emt 0:00:30]} Rb8 {[%emt 0:00:30]} 17. axb6 {[%emt 0:00:30]} axb6 {[%emt 0:00:30]} 18. Rfb1 {[%emt 0:00:30]} Be6 {[%emt 0:09:25]} 19. Qb5+ {[%emt 0:05:40]} Nd7 {[%emt 0:01:57]} 20. Ra6 {[%emt 0:12:44]} O-O {[%emt 0:04:02]} 21. Nfd2 {[%emt 0:07:10]} ({Much worse is} 21. Nxb6 Rb7 $11) 21... f5 {[%emt 0:03:16]} 22. f3 {[%emt 0:00:13]} f4 {[%emt 0:05:41]} 23. Bf2 {[%emt 0:00:07]} Rf6 {[%emt 0:02:28]} 24. Rba1 {[%emt 0:09:53]} (24. Nxb6 $18 Nxb6 25. Rxb6 Rxb6 26. Qxb6 Qxb6 27. Rxb6) 24... Rb7 {[%emt 0:04:19]} 25. Nb1 {[%emt 0:01:05]} g5 {[%emt 0:01:36]} 26. Nc3 {[%emt 0:01:04]} Rg6 {[%emt 0:10:20]} (26... Rf8 {is a better defense.} 27. Rb1 Bxc4 28. Qxc4+ Kh7) 27. Ra8+ {[%emt 0:02:39]} Nb8 $2 {[%emt 0:03:55]} (27... Nf8 {was necessary.} 28. R1a6 Bxc4 29. Qxc4+ Kh7) 28. Qe8+ {[%emt 0:05:53]} Kh7 {[%emt 0:00:18]} 29. Nb5 {[%emt 0:00:37]} ({Much less strong is} 29. Nd5 Qc8 $18) 29... Qd7 {[%emt 0:02:56]} 30. Qxd7 {[%emt 0:03:41]} Nxd7 {[%emt 0:00:28]} 31. Ncd6 {[%emt 0:00:56]} Rb8 {[%emt 0:00:19]} 32. R8a7 {[%emt 0:06:57]} Bf8 {[%emt 0:07:58]} 33. Nc4 {[%emt 0:00:07]} Rg7 {[%emt 0:00:18]} 34. Rc7 {[%emt 0:01:38]} h5 {[%emt 0:01:03]} 35. Raa7 {[%emt 0:00:46]} g4 {[%emt 0:00:17]} 36. hxg4 {[%emt 0:00:41]} hxg4 {[%emt 0:00:07]} 37. Kf1 {[%emt 0:01:19]} Bxc4 {[%emt 0:02:03]} 38. dxc4 {[%emt 0:00:08]} Rd8 {[%emt 0:00:08]} (38... Nf6 $16 39. Bh4 Rxc7 40. Rxc7+ (40. Nxc7 Kg6 $16) 40... Kg6) 39. Bh4 {[%emt 0:01:36]} Be7 {[%emt 0:00:45]} 40. Bxe7 {[%emt 0:01:49]} Rxe7 {[%emt 0:00:02]} 41. fxg4 {[%emt 0:00:45]} Kg6 {[%emt 0:00:33]} 42. Nc3 {[%emt 0:00:33]} Rh7 {[%emt 0:00:50]} 43. Nd5 {[%emt 0:04:22]} Nf6 {[%emt 0:01:12]} 44. Rxh7 {[%emt 0:04:14]} Nxh7 {[%emt 0:00:02]} 45. Re7 {[%emt 0:00:31]} Ra8 {[%emt 0:03:26]} 46. Rxe5 {[%emt 0:00:29]} Ra2 {[%emt 0:00:06]} 47. Nxb6 {[%emt 0:00:49]} (47. Nxf4+ $142 Kg7 48. Re7+ Kh6 49. Re6+ Kg7 50. Rxb6) 47... Rxc2 {[%emt 0:00:05]} 48. Rxc5 {[%emt 0:00:33]} Nf6 {[%emt 0:00:29]} 49. Nd5 {[%emt 0:02:06]} Nxe4 {[%emt 0:00:02]} 50. Nxf4+ {[%emt 0:00:39]} Kg7 {[%emt 0:00:07]} 51. Rc7+ {[%emt 0:00:53]} Kf6 {[%emt 0:00:01]} 52. Nd5+ {[%emt 0:00:15]} Kg6 {[%emt 0:00:24]} 53. Ne3 {[%emt 0:00:59]} Ng3+ {[%emt 0:02:02]} 54. Kg1 {[%emt 0:00:26]} Re2 {[%emt 0:00:11]} 55. Nd5 {[%emt 0:00:44]} Rc2 {[%emt 0:02:03]} 56. Kh2 {[%emt 0:00:34]} (56. c5 $142) 56... Nf1+ $2 {[%emt 0:00:01]} (56... Ne4 $16 57. Rc6+ Kg5) 57. Kh3 {[%emt 0:00:32]} Nd2 {[%emt 0:00:27]} 58. c5 {[%emt 0:00:34]} Ne4 {[%emt 0:00:19]} 59. c6 {[%emt 0:00:36]} Ng5+ {[%emt 0:00:44]} (59... Rc1 $142 60. Kh2 Nc3 61. Nxc3 Rxc3) 60. Kg3 {[%emt 0:00:47]} Rc5 {[%emt 0:00:02]} 61. Nf4+ {[%emt 0:00:26]} Kf6 {[%emt 0:00:16]} 62. Rc8 {[%emt 0:00:00]} Ne4+ {[%emt 0:00:24]} 63. Kh4 {[%emt 0:00:00]} Nd6 {[%emt 0:00:29]} 64. Rc7 {[%emt 0:00:00]} Rc4 {[%emt 0:00:34]} 65. Nh5+ {[%emt 0:00:01]} Ke6 {[%emt 0:00:39]} 66. Ng7+ $18 {[%emt 0:00:47]} Kf6 {[%emt 0:00:18]} 67. Kh5 {[%emt 0:00:35]} Ne4 {[%emt 0:01:03]} 68. Ne8+ {[%emt 0:00:42]} Ke6 {[%emt 0:00:50]} 69. Kg6 {[%emt 0:00:50]} Nc3 {[%emt 0:00:01]} 70. g5 {[%emt 0:00:41]} Nd5 {[%emt 0:00:03]} 71. Ng7+ {[%emt 0:01:08]} Ke5 {[%emt 0:00:07]} 72. Rf7 {[%emt 0:00:59]} Rxc6+ {[%emt 0:00:24]} 73. Kh7 {[%emt 0:00:24]} Nf4 {[%emt 0:00:37]} 74. Re7+ {[%emt 0:00:33]} Kd6 {[%emt 0:00:35]} 75. Re4 {[%emt 0:00:15]} Nxg2 {[%emt 0:00:46]} 76. Nf5+ {[%emt 0:00:23]} Kd5 {[%emt 0:00:26]} 77. Rg4 {[%emt 0:00:28]} Rc7+ {[%emt 0:00:12]} 78. Kh6 {[%emt 0:00:29]} Ke5 {[%emt 0:02:24]} 79. Rxg2 {[%emt 0:00:23]} Kxf5 {[%emt 0:00:02]} 80. Rf2+ {[%emt 0:00:08]} Ke6 {[%emt 0:00:32]} 81. g6 {[%emt 0:00:10]} Rc1 {[%emt 0:00:17]} 82. Kh7 {[%emt 0:00:25]} Rh1+ {[%emt 0:00:30]} 83. Kg8 {[%emt 0:00:07]} Ke7 {[%emt 0:00:04]} 84. g7 {[%emt 0:00:33]} Rg1 {[%emt 0:00:19]} 85. Re2+ {[%emt 0:00:26]} Kd6 {[%emt 0:00:14]} 86. Re4 {[%emt 0:00:15]} Kd5 {[%emt 0:00:37]} 87. Rh4 {[%emt 0:00:23]} Ke6 {[%emt 0:01:21]} 88. Kh8 {[%emt 0:00:10]} Kf7 {[%emt 0:00:36]} 89. Rf4+ {[%emt 0:00:05]} 1-0

[Event "CZE-ch FIDE Open 2020"]
[Site "Kouty nad Desnou"]
[Date "2020.03.08"]
[Round "2.4"]
[White "Merinsky, Vaclav"]
[Black "Broz, Petr"]
[Result "0-1"]
[WhiteElo "1764"]
[BlackElo "1976"]
[Annotator "ChessBase"]
[PlyCount "56"]
[EventDate "2020.03.07"]
[EventCountry "CZE"]
[SourceTitle "playchess.com"]
[Source "ChessBase"]
[SourceQuality "1"]
[TimeControl "5400+30"]

1. e4 {[%emt 0:00:00]} e6 {[%emt 0:00:31]} 2. d4 {[%emt 0:00:12]} d5 {[%emt 0:01:04]} 3. exd5 {[%emt 0:00:06]} exd5 {[%emt 0:00:41]} 4. Bd3 {[%emt 0:01:17]} Bd6 {[%emt 0:00:56]} 5. Nf3 {[%emt 0:01:06]} Ne7 {[%emt 0:01:38]} 6. Bg5 {[%emt 0:01:44]} f6 {[%emt 0:01:35]} 7. Bh4 {[%emt 0:05:09]} Bg4 {[%emt 0:02:17]} 8. Bg3 {[%emt 0:01:11]} Nbc6 {[%emt 0:02:13]} 9. c3 {[%emt 0:02:57]} Bxg3 {[%emt 0:03:59]} 10. hxg3 {[%emt 0:00:55]} Qd7 {[%emt 0:00:50]} 11. Nbd2 {[%emt 0:02:51]} O-O-O {[%emt 0:00:59]} 12. Qe2 {[%emt 0:02:57]} Nf5 {[%emt 0:15:35]} 13. O-O-O {[%emt 0:02:18]} h5 {[%emt 0:02:01]} 14. Nb3 {[%emt 0:01:42]} Rde8 {[%emt 0:02:31]} 15. Qc2 {[%emt 0:02:08]} b6 {[%emt 0:04:35]} 16. Ba6+ {[%emt 0:05:12]} Kd8 {[%emt 0:01:59]} 17. Bb5 {[%emt 0:05:45]} Nd6 {[%emt 0:01:15]} 18. Bd3 {[%emt 0:01:53]} Bf5 {[%emt 0:02:02]} 19. Rde1 {[%emt 0:04:26]} Bxd3 {[%emt 0:00:41]} 20. Qxd3 {[%emt 0:00:37]} Ne4 {[%emt 0:00:26]} 21. Rhf1 {[%emt 0:01:17]} Re7 {[%emt 0:00:52]} 22. Nfd2 {[%emt 0:04:22]} Nxf2 {[%emt 0:03:25]} 23. Qf3 {[%emt 0:04:46]} Ng4 {[%emt 0:00:45]} 24. c4 {[%emt 0:08:43]} Nh2 {[%emt 0:03:04]} 25. Rxe7 {[%emt 0:03:43]} Nxe7 {[%emt 0:00:38]} 26. Qc3 {[%emt 0:00:30]} Nxf1 {[%emt 0:00:06]} 27. Nxf1 {[%emt 0:00:23]} dxc4 {[%emt 0:00:12]} 28. Qxc4 {[%emt 0:00:44]} Qc6 {[%emt 0:00:06]} 0-1

[Event "CZE-ch FIDE Open 2020"]
[Site "Kouty nad Desnou"]
[Date "2020.03.08"]
[Round "2.5"]
[White "Slepov, Kyryl"]
[Black "Dejmal, Ondrej"]
[Result "0-1"]
[WhiteElo "1973"]
[BlackElo "1757"]
[Annotator "ChessBase"]
[PlyCount "114"]
[EventDate "2020.03.07"]
[EventCountry "CZE"]
[SourceTitle "playchess.com"]
[Source "ChessBase"]
[SourceQuality "1"]
[TimeControl "5400+30"]

1. e4 {[%emt 0:00:00]} e5 {[%emt 0:00:00]} 2. Nf3 {[%emt 0:00:56]} Nc6 {[%emt 0:00:00]} 3. Bb5 {[%emt 0:01:09]} a6 {[%emt 0:00:02]} 4. Ba4 {[%emt 0:00:52]} Nf6 {[%emt 0:00:08]} 5. d3 {[%emt 0:00:17]} b5 {[%emt 0:00:07]} 6. Bb3 {[%emt 0:00:14]} Be7 {[%emt 0:03:28]} 7. O-O {[%emt 0:01:19]} O-O {[%emt 0:02:36]} 8. Re1 {[%emt 0:00:59]} d6 {[%emt 0:02:00]} 9. c3 {[%emt 0:02:06]} Na5 {[%emt 0:03:12]} 10. Bc2 {[%emt 0:00:25]} c5 {[%emt 0:02:33]} 11. Nbd2 {[%emt 0:00:34]} Be6 {[%emt 0:04:39]} 12. Nf1 {[%emt 0:00:58]} Qc7 {[%emt 0:07:29]} 13. Ne3 {[%emt 0:01:38]} Rfc8 {[%emt 0:06:08]} 14. Bd2 {[%emt 0:01:16]} Qb7 {[%emt 0:06:13]} 15. Nf5 {[%emt 0:05:28]} c4 {[%emt 0:11:42]} 16. d4 {[%emt 0:02:07]} Bxf5 {[%emt 0:05:34]} 17. exf5 {[%emt 0:00:36]} e4 {[%emt 0:01:21]} 18. Ng5 {[%emt 0:00:55]} d5 {[%emt 0:01:29]} 19. f3 {[%emt 0:00:35]} h6 {[%emt 0:01:52]} 20. Nh3 {[%emt 0:01:26]} Bd6 {[%emt 0:05:44]} 21. Nf2 {[%emt 0:01:25]} exf3 {[%emt 0:08:29]} 22. Qxf3 {[%emt 0:01:31]} Re8 {[%emt 0:02:18]} 23. g4 {[%emt 0:02:01]} Qc7 {[%emt 0:03:21]} 24. h4 {[%emt 0:03:48]} Bg3 {[%emt 0:09:36]} 25. g5 {[%emt 0:02:06]} Nh5 {[%emt 0:06:58]} 26. Kg2 {[%emt 0:03:44]} Bf4 {[%emt 0:05:00]} 27. Bxf4 {[%emt 0:06:46]} Nxf4+ {[%emt 0:00:03]} 28. Kf1 {[%emt 0:00:47]} h5 {[%emt 0:01:25]} 29. a4 {[%emt 0:03:25]} Nc6 {[%emt 0:00:28]} 30. b3 {[%emt 0:00:25]} b4 {[%emt 0:00:32]} 31. bxc4 {[%emt 0:00:23]} bxc3 {[%emt 0:00:25]} 32. Qxc3 {[%emt 0:00:55]} dxc4 {[%emt 0:00:26]} 33. Qxc4 {[%emt 0:00:20]} Qd6 {[%emt 0:00:38]} 34. Be4 {[%emt 0:13:43]} Rec8 {[%emt 0:00:02]} 35. Rac1 {[%emt 0:05:24]} Nxd4 {[%emt 0:00:53]} 36. Qxc8+ {[%emt 0:04:27]} Rxc8 {[%emt 0:00:01]} 37. Rxc8+ {[%emt 0:00:13]} Kh7 {[%emt 0:00:06]} 38. Rd1 {[%emt 0:00:25]} Qe5 {[%emt 0:00:43]} 39. Rb1 {[%emt 0:00:42]} Nxf5 {[%emt 0:00:19]} 40. Rb7 {[%emt 0:02:57]} Ng6 {[%emt 0:01:17]} 41. Bd3 {[%emt 0:05:25]} Nd6 {[%emt 0:00:39]} 42. Rcc7 {[%emt 0:00:58]} Nxb7 {[%emt 0:00:12]} 43. Rxb7 {[%emt 0:00:03]} Kg8 {[%emt 0:00:40]} 44. Bxa6 {[%emt 0:00:31]} Qa1+ {[%emt 0:00:18]} 45. Kg2 {[%emt 0:00:12]} Qxa4 {[%emt 0:00:24]} 46. Rb8+ {[%emt 0:00:14]} Kh7 {[%emt 0:00:24]} 47. Bd3 {[%emt 0:00:17]} Qxh4 {[%emt 0:00:22]} 48. Rb5 {[%emt 0:00:42]} Kg8 {[%emt 0:00:42]} 49. Rb8+ {[%emt 0:00:18]} Kh7 {[%emt 0:00:42]} 50. Rb5 {[%emt 0:00:14]} Kg8 {[%emt 0:00:30]} 51. Rb8+ {[%emt 0:00:22]} Kh7 {[%emt 0:00:00]} 52. Rb5 {[%emt 0:00:40]} Qd4 {[%emt 0:00:24]} 53. Kf3 {[%emt 0:00:23]} h4 {[%emt 0:00:46]} 54. Be4 {[%emt 0:00:28]} Qc3+ {[%emt 0:00:38]} 55. Nd3 {[%emt 0:00:52]} h3 {[%emt 0:00:41]} 56. Kg3 {[%emt 0:00:32]} Qd4 {[%emt 0:00:33]} 57. Nf2 {[%emt 0:00:31]} Qe3+ {[%emt 0:00:32]} 0-1

[Event "CZE-ch FIDE Open 2020"]
[Site "Kouty nad Desnou"]
[Date "2020.03.08"]
[Round "2.6"]
[White "Broz, Jan"]
[Black "Klubal, Jiri"]
[Result "1/2-1/2"]
[WhiteElo "1481"]
[BlackElo "1935"]
[Annotator "ChessBase"]
[PlyCount "67"]
[EventDate "2020.03.07"]
[EventCountry "CZE"]
[SourceTitle "playchess.com"]
[Source "ChessBase"]
[SourceQuality "1"]
[TimeControl "5400+30"]

1. e4 {[%emt 0:00:00]} c5 {[%emt 0:00:00]} 2. Nf3 {[%emt 0:00:00]} e6 {[%emt 0:00:00]} 3. d4 {[%emt 0:00:25]} cxd4 {[%emt 0:00:09]} 4. Nxd4 {[%emt 0:00:37]} a6 {[%emt 0:00:31]} 5. Bd3 {[%emt 0:00:53]} Qc7 {[%emt 0:01:01]} 6. Nb3 {[%emt 0:07:56]} Nf6 {[%emt 0:02:22]} 7. O-O {[%emt 0:04:40]} d5 {[%emt 0:16:53]} 8. exd5 {[%emt 0:10:21]} Nxd5 {[%emt 0:01:16]} 9. N1d2 {[%emt 0:11:56]} Nd7 {[%emt 0:17:41]} 10. Nf3 {[%emt 0:05:55]} Bd6 {[%emt 0:04:28]} 11. Bd2 {[%emt 0:11:23]} b6 {[%emt 0:13:13]} 12. Re1 {[%emt 0:14:49]} N5f6 {[%emt 0:11:29]} 13. Bc3 {[%emt 0:05:18]} O-O {[%emt 0:00:50]} 14. Nbd2 {[%emt 0:02:10]} Bb7 {[%emt 0:06:08]} 15. Ne4 {[%emt 0:02:30]} Nxe4 {[%emt 0:01:43]} 16. Bxe4 {[%emt 0:00:12]} Bxe4 {[%emt 0:00:35]} 17. Rxe4 {[%emt 0:00:10]} e5 {[%emt 0:01:05]} 18. Qe1 {[%emt 0:05:30]} f5 {[%emt 0:09:22]} 19. Rh4 {[%emt 0:04:07]} Rae8 {[%emt 0:01:26]} 20. Rd1 {[%emt 0:03:08]} Nf6 {[%emt 0:01:47]} 21. Rh3 {[%emt 0:03:02]} Ne4 {[%emt 0:02:56]} 22. Nd2 {[%emt 0:00:59]} Nxc3 {[%emt 0:01:53]} 23. Rxc3 {[%emt 0:00:07]} Qb8 {[%emt 0:01:07]} 24. a3 {[%emt 0:00:21]} e4 {[%emt 0:00:32]} 25. Nf1 {[%emt 0:00:30]} f4 {[%emt 0:01:50]} 26. b4 {[%emt 0:04:02]} a5 {[%emt 0:01:36]} 27. Rc6 {[%emt 0:00:46]} Rf6 {[%emt 0:00:33]} 28. Qd2 {[%emt 0:00:40]} Bc7 {[%emt 0:00:56]} 29. Rxf6 {[%emt 0:00:31]} gxf6 {[%emt 0:00:25]} 30. Qd5+ {[%emt 0:00:26]} Kf8 {[%emt 0:00:40]} 31. Qf5 {[%emt 0:00:38]} Re7 {[%emt 0:00:29]} 32. Qxf6+ {[%emt 0:00:28]} Rf7 {[%emt 0:00:17]} 33. Qh6+ {[%emt 0:00:56]} Kg8 {[%emt 0:00:20]} 34. Qg5+ {[%emt 0:00:16]} 1/2-1/2

[Event "CZE-ch FIDE Open 2020"]
[Site "Kouty nad Desnou"]
[Date "2020.03.08"]
[Round "2.7"]
[White "Horak, Martin"]
[Black "Kanka, Lukas"]
[Result "1-0"]
[WhiteElo "2329"]
[BlackElo "1618"]
[Annotator "TA"]
[PlyCount "67"]
[EventDate "2020.03.07"]
[EventCountry "CZE"]
[SourceTitle "playchess.com"]
[Source "ChessBase"]
[SourceQuality "1"]

{[%evp 9,67,-6,0,-54,-57,-57,29,23,102,75,101,90,118,114,126,121,115,111,131,106,115,102,193,192,216,203,195,187,178,179,183,194,536,281,320,190,187,200,330,340,422,418,372,398,438,424,607,608,606,581,737,722,854,844,892,800,2077,2064,2032,2023]} 1. e4 d5 2. Nc3 d4 3. Nce2 Nc6 4. Ng3 Nf6 5. Bc4 Ne5 {[#]} 6. Qe2 $146 {A00: Irregular Openings.} ({White should try} 6. Bb3 $11) ({Predecessor:} 6. b3 g6 7. f4 Nxc4 8. bxc4 Bg4 9. Nf3 Bg7 10. d3 c5 11. O-O h5 12. e5 {1-0 (34) Kromidas,V-Skodras,A (2025) Thessalias 2007}) 6... Nxc4 $15 7. Qxc4 c6 ({Better is} 7... e5 $15) 8. Nf3 $11 {White has an edge.} d3 {[#]} (8... h5 $11 {keeps the balance.}) 9. Ne5 $1 {[%csl Ge5][%cal Rc4f7][%mdl 512] White now steadily converts the win.} Be6 10. Qxd3 Qc7 11. Qc3 h5 {With the idea ...h4.} 12. h4 g6 13. d4 Bg7 14. Bf4 {[#] Black must now prevent Nxg6!} Qb6 15. O-O-O O-O-O (15... O-O $16 {was called for.}) 16. f3 $18 Nd7 17. d5 Nxe5 18. Bxe5 Bxe5 19. Qxe5 Qe3+ 20. Kb1 cxd5 $2 (20... Bd7 {is tougher.} 21. Qxe7 cxd5) 21. Rhe1 Qc5 22. c4 (22. exd5 $142 {Hoping for Rd3.} Rhe8 23. Ne4) 22... Qd6 23. exd5 Qxe5 (23... Bd7 $142 24. b3 f6 25. Qxd6 (25. Qxe7 Qxg3 {[%mdl 64] Double Attack} 26. Re2 Qxh4 $19) 25... exd6) 24. Rxe5 Rhe8 25. Rde1 Bd7 26. Rxe7 Rxe7 27. Rxe7 {White is clearly winning.} Re8 (27... Rg8 $142 28. Rxf7 Be8) 28. Rxe8+ Bxe8 {[%mdl 4096] Endgame KB-KN} 29. Kc2 b6 30. Kd3 Kd7 31. b4 Kd6 32. Kd4 b5 33. c5+ Ke7 34. c6 {Accuracy: White = 67%, Black = 32%.} 1-0

[Event "CZE-ch FIDE Open 2020"]
[Site "Kouty nad Desnou"]
[Date "2020.03.08"]
[Round "2.8"]
[White "Brazdil, Roman"]
[Black "Ptacek, Jan"]
[Result "1/2-1/2"]
[WhiteElo "2116"]
[BlackElo "1911"]
[Annotator "ChessBase"]
[PlyCount "40"]
[EventDate "2020.03.07"]
[EventCountry "CZE"]
[SourceTitle "playchess.com"]
[Source "ChessBase"]
[SourceQuality "1"]
[TimeControl "5400+30"]

1. e4 {[%emt 0:00:00]} c5 {[%emt 0:00:00]} 2. Nf3 {[%emt 0:00:00]} d6 {[%emt 0:00:00]} 3. d4 {[%emt 0:00:00]} cxd4 {[%emt 0:00:00]} 4. Nxd4 {[%emt 0:00:00]} Nf6 {[%emt 0:00:00]} 5. Nc3 {[%emt 0:00:00]} a6 {[%emt 0:00:00]} 6. f3 {[%emt 0:00:00]} e6 {[%emt 0:00:00]} 7. Be3 {[%emt 0:00:00]} b5 {[%emt 0:00:06]} 8. a3 {[%emt 0:00:10]} Nbd7 {[%emt 0:00:07]} 9. Qd2 {[%emt 0:00:04]} Bb7 {[%emt 0:00:51]} 10. Qf2 {[%emt 0:00:21]} Rc8 {[%emt 0:00:41]} 11. Bd3 {[%emt 0:00:42]} Be7 {[%emt 0:02:10]} 12. O-O {[%emt 0:00:19]} O-O {[%emt 0:00:04]} 13. Kh1 {[%emt 0:00:06]} Qc7 {[%emt 0:01:39]} 14. Rac1 {[%emt 0:00:40]} Ne5 {[%emt 0:09:47]} 15. Rfd1 {[%emt 0:01:03]} Nc4 {[%emt 0:03:10]} 16. Bxc4 {[%emt 0:00:48]} Qxc4 {[%emt 0:00:05]} 17. Nb3 {[%emt 0:04:51]} Qc7 {[%emt 0:03:16]} 18. Bb6 {[%emt 0:04:02]} Qb8 {[%emt 0:00:23]} 19. Ba7 {[%emt 0:00:18]} Qc7 {[%emt 0:00:23]} 20. Bb6 {[%emt 0:00:16]} Qb8 {[%emt 0:01:30]} 1/2-1/2

[Event "CZE-ch FIDE Open 2020"]
[Site "Kouty nad Desnou"]
[Date "2020.03.08"]
[Round "2.9"]
[White "Stastny, Jakub"]
[Black "Lukas, Frantisek"]
[Result "1/2-1/2"]
[WhiteElo "1917"]
[BlackElo "1852"]
[Annotator "ChessBase"]
[PlyCount "59"]
[EventDate "2020.03.07"]
[EventCountry "CZE"]
[SourceTitle "playchess.com"]
[Source "ChessBase"]
[SourceQuality "1"]
[TimeControl "5400+30"]

1. d4 {[%emt 0:00:00]} d5 {[%emt 0:00:00]} 2. c4 {[%emt 0:00:00]} dxc4 {[%emt 0:00:00]} 3. Nc3 {[%emt 0:00:00]} a6 {[%emt 0:00:55]} 4. a4 {[%emt 0:02:30]} Nc6 {[%emt 0:01:54]} 5. e3 {[%emt 0:01:26]} Na5 {[%emt 0:01:42]} 6. Nf3 {[%emt 0:06:08]} Nf6 {[%emt 0:00:22]} 7. Ne5 {[%emt 0:00:57]} Be6 {[%emt 0:00:55]} 8. Qf3 {[%emt 0:07:12]} c6 {[%emt 0:07:22]} 9. Be2 {[%emt 0:02:48]} g6 {[%emt 0:02:31]} 10. O-O {[%emt 0:03:54]} Bg7 {[%emt 0:01:23]} 11. Rd1 {[%emt 0:03:40]} O-O {[%emt 0:07:23]} 12. Bd2 {[%emt 0:28:33]} Nd7 {[%emt 0:11:21]} 13. Nxd7 {[%emt 0:04:20]} Bxd7 {[%emt 0:06:24]} 14. Ne4 {[%emt 0:06:54]} Nb3 {[%emt 0:03:51]} 15. Ra3 {[%emt 0:03:01]} Nxd2 {[%emt 0:00:33]} 16. Rxd2 {[%emt 0:00:52]} b5 {[%emt 0:02:36]} 17. Nc5 {[%emt 0:02:59]} Qc7 {[%emt 0:03:51]} 18. Qg3 {[%emt 0:07:32]} Qxg3 {[%emt 0:08:44]} 19. hxg3 {[%emt 0:00:02]} Be6 {[%emt 0:10:03]} 20. Nxe6 {[%emt 0:05:05]} fxe6 {[%emt 0:00:01]} 21. Bf3 {[%emt 0:00:22]} Rfc8 {[%emt 0:08:33]} 22. axb5 {[%emt 0:03:11]} axb5 {[%emt 0:00:06]} 23. Rxa8 {[%emt 0:00:08]} Rxa8 {[%emt 0:00:02]} 24. Bxc6 {[%emt 0:00:07]} Ra1+ {[%emt 0:01:20]} 25. Kh2 {[%emt 0:01:01]} Ra5 {[%emt 0:02:11]} 26. f4 {[%emt 0:01:36]} b4 {[%emt 0:06:25]} 27. Rc2 {[%emt 0:01:09]} Ra2 {[%emt 0:00:39]} 28. Bb5 {[%emt 0:02:25]} c3 {[%emt 0:01:02]} 29. Bc4 {[%emt 0:00:15]} Rxb2 {[%emt 0:01:08]} 30. Rxb2 {[%emt 0:00:08]} 1/2-1/2